Does distress mean damage? (Record no. 84544)

MARC details
000 -LEADER
fixed length control field 00879cab a22002055a 4500
001 - CONTROL NUMBER
control field L158251
008 - FIXED-LENGTH DATA ELEMENTS--GENERAL INFORMATION
fixed length control field 141112e20141018xxk 000 0 eng d
035 ## - SYSTEM CONTROL NUMBER
System control number (Sirsi) u158251
041 0# - LANGUAGE CODE
Language code of text/sound track or separate title eng
100 1# - MAIN ENTRY--PERSONAL NAME
Personal name Cursham, William
245 00 - TITLE STATEMENT
Title Does distress mean damage?
260 ## - PUBLICATION, DISTRIBUTION, ETC.
Date of publication, distribution, etc. 2014
490 ## - SERIES STATEMENT
Series statement Estates Gazette
Volume/sequential designation (1442) 18 October 2014, 105(1)
520 ## - SUMMARY, ETC.
Summary, etc. Claims by disgruntled home buyers for damages for distress and inconvenience are generally difficult to win but there are exceptions to this. These include when the object of a contract is to provide pleasure, relaxation and piece of mind such as in the provision of a holiday. Mentions relevant caselaw including, Watts and another v Morrow and Farley v Skinner.
590 ## - LOCAL NOTE (RLIN)
Local note KA
651 #4 - SUBJECT ADDED ENTRY--GEOGRAPHIC NAME
Geographic name England and Wales
Chronological subdivision 1543-
690 ## - LOCAL SUBJECT ADDED ENTRY--TOPICAL TERM (OCLC, RLIN)
Topical term or geographic name as entry element Residential property
9 (RLIN) 6266
690 ## - LOCAL SUBJECT ADDED ENTRY--TOPICAL TERM (OCLC, RLIN)
Topical term or geographic name as entry element Survey reports
9 (RLIN) 6270
942 ## - ADDED ENTRY ELEMENTS (KOHA)
Suppress in OPAC 0
Holdings
Withdrawn status Lost status Source of classification or shelving scheme Damaged status Not for loan Home library Current library Shelving location Date acquired Total Checkouts Full call number Barcode Date last seen Copy number Price effective from Koha item type
    Dewey Decimal Classification     London London Journal article 12/11/2014   L158251 158251-1001 06/08/2019 1 06/08/2019 Journal article